Vanessa Hudgens Movies - Statistics

General Stats
  • This quiz has been taken 28 times
    20 since last reset
  • The average score is 10 of 29
Answer Stats
Hint Answer % Correct
2006 High School Musical
100%
2007 High School Musical 2
100%
2018 The Princess Switch
82%
2012 Spring Breakers
71%
2021 tick, tick... Boom!
71%
2008 High School Musical 3: Senior Year
59%
2013 Gimme Shelter
47%
2009 Bandslam
41%
2012 Journey 2: The Mysterious Island
41%
2019 The Knight Before Christmas
41%
2011 Beastly
35%
2020 The Princess Switch: Switched Again
35%
2003 Thirteen
35%
2020 Bad Boys For Life
29%
2011 Sucker Punch
29%
2018 Dog Days
24%
2016 Grease Live!
24%
2018 Second Act
24%
2013 The Frozen Ground
24%
2021 Asking for It
18%
2015 Freaks of Nature
18%
2013 Machete Kills
18%
2019 Polar
18%
2021 The Princess Switch: Romancing the Star
18%
2004 Thunderbirds
18%
2021 My Little Pony: A New Generation
12%
2019 Rent: Live
12%
2005 Keke and Jamal
0%
2010 RENT at the Hollywood Bowl
0%
No matching quizzes found
Score Distribution
Percent of People with Each Score
Percentile by Number Answered
Your Score History
You have not taken this quiz since the last reset